Métro de Paris : gares, mairies, châteaux... - Statistiques

Statistiques générales
  • Ce quiz a été pris 180 fois
  • Le résultat moyen est 63 sur 89
Statistiques - réponses
Hint Ligne Réponse % Correct
Les stations portant le nom d'un auteur 14 Bibliothèque François {Mitterrand}
92%
Les stations portant le nom d'un auteur 1/2/6 Charles {de Gaulle} - Etoile
91%
Les stations desservant une gare ou avec le mot "gare" 4/5/7 Gare de l'{Est}
91%
Les stations desservant une gare ou avec le mot "gare" 4/5 Gare du {Nord}
91%
Les stations portant le nom d'un auteur 2 Alexandre {Dumas}
90%
Les stations desservant une gare ou avec le mot "gare" 5/10 Gare d'{Austerlitz}
88%
Les stations portant le nom d'un auteur 2 Victor {Hugo}
88%
Les stations desservant une gare ou avec le mot "gare" 1/14 Gare de {Lyon}
87%
Les stations portant le nom d'un auteur 3 Anatole {France}
86%
Les stations avec le mot "place" 5/6/7 Place d'{Italie}
86%
Les stations portant un nom de ville étrangère 3/4 Réaumur-{Sébastopol}
86%
Les stations portant le nom d'un auteur 10 Avenue Emile {Zola}
85%
Les stations portant le nom d'un auteur 12 Aimé {Césaire}
84%
Les stations avec le mot "château" 1 Château de {Vincennes}
83%
Les stations portant un nom de ville étrangère 5/10 Gare d'{Austerlitz}
83%
Les stations rendant hommage à des résistants 4 Bagneux - Lucie {Aubrac}
82%
Les stations avec le mot "château" 4 Château d'{eau}
82%
Les stations desservant une mairie ou avec le mot "mairie" 11 Mairie des {Lilas}
82%
Les stations avec le mot "porte" 1 Porte de {Vincennes}
81%
Les stations avec le mot "porte" 10 Porte d'{Auteuil}
80%
Les stations portant le nom d'un auteur 1/8 Reuilly - {Diderot}
80%
Les stations portant le nom d'un auteur 7 Villejuif - Louis {Aragon}
80%
Les stations avec le mot "porte" 2 Porte {Dauphine}
79%
Les stations avec le mot "porte" 7 Porte d'{Italie}
79%
Les stations avec le mot "quai" 5 Quai de la {Rapée}
79%
Les stations rendant hommage à des résistants 2 Colonel {Fabien}
78%
Les stations avec le mot "porte" 3b/11 Porte des {Lilas}
78%
Les stations avec le mot "quai" 6 Quai de la {gare}
78%
Les stations desservant une gare ou avec le mot "gare" 6/14 {Bercy}
77%
Les stations rendant hommage à des résistants 13 Guy {Môquet}
77%
Les stations desservant une gare ou avec le mot "gare" 3/12/13/14 {Saint-Lazare}
76%
Les stations avec le mot "porte" 7 Porte d'{Ivry}
75%
Les stations avec le mot "porte" 4 Porte d'{Orléans}
75%
Les stations avec le mot "porte" 1 Porte {Maillot}
75%
Les stations avec le mot "château" 4 Château {Rouge}
74%
Les stations rendant hommage à des résistants 13 Gabriel {Péri}
74%
Les stations desservant une mairie ou avec le mot "mairie" 12 Mairie d'{Issy}
74%
Les stations rendant hommage à des résistants 12 Marx {Dormoy}
74%
Les stations desservant une gare ou avec le mot "gare" 4/6/12/13 {Montparnasse - Bienvenüe}
74%
Les stations avec le mot "porte" 4 Porte de {Clignancourt}
74%
Les stations desservant une mairie ou avec le mot "mairie" 7 Mairie d'{Ivry}
73%
Les stations desservant une mairie ou avec le mot "mairie" 1/11 {Hôtel de ville}
72%
Les stations desservant une mairie ou avec le mot "mairie" 12 Mairie d'{Aubervilliers}
72%
Les stations desservant une mairie ou avec le mot "mairie" 13/14 Mairie de {Saint-Ouen}
72%
Les stations avec le mot "pont" 7 Pont-{Neuf}
72%
Les stations avec le mot "place" 2/13 Place de {Clichy}
71%
Les stations avec le mot "place" 7b/11 Place des {Fêtes}
71%
Les stations desservant une mairie ou avec le mot "mairie" 9 Mairie de {Montreuil}
70%
Les stations avec le mot "porte" 3 Porte de {Bagnolet}
69%
Les stations avec le mot "porte" 13/14 Porte de {Clichy}
69%
Les stations avec le mot "porte" 8 Porte {Dorée}
69%
Les stations avec le mot "pont" 1 Pont de {Neuilly}
68%
Les stations avec le mot "porte" 9 Porte de {Montreuil}
67%
Les stations rendant hommage à des résistants 7 Corentin {Cariou}
66%
Les stations rendant hommage à des résistants 5 Jacques {Bonsergent}
66%
Les stations desservant une mairie ou avec le mot "mairie" 4 Mairie de {Montrouge}
66%
Les stations avec le mot "pont" 9 Pont de {Sèvres}
66%
Les stations avec le mot "pont" 7 Pont {Marie}
66%
Les stations avec le mot "porte" 5 Porte de {Pantin}
66%
Les stations avec le mot "porte" 13 Porte de {Saint-Ouen}
66%
Les stations portant le nom d'un auteur 5 Bobigny - Pantin - Raymond {Queneau}
65%
Les stations rendant hommage à des résistants 12 Corentin {Celton}
65%
Les stations rendant hommage à des résistants 10 Charles {Michels}
64%
Les stations avec le mot "château" 7 Château-{Landon}
64%
Les stations avec le mot "place" 7 Place {Monge}
64%
Les stations avec le mot "porte" 8 Porte de {Charenton}
64%
Les stations avec le mot "porte" 12 Porte de {Versailles}
64%
Les stations avec le mot "porte" 13 Saint-Denis - Porte de {Paris}
64%
Les stations portant un nom de ville étrangère 2/5/7 {Stalingrad}
64%
Les stations avec le mot "porte" 3 Porte de {Champerret}
62%
Les stations avec le mot "porte" 12 Porte de {La Chapelle}
62%
Les stations avec le mot "porte" 9 Porte de {Saint-Cloud}
62%
Les stations avec le mot "porte" 13 Porte de {Vanves}
62%
Les stations portant un nom de ville étrangère 2 {Anvers}
61%
Les stations avec le mot "pont" 14 Pont {Cardinet}
61%
Les stations portant le nom d'un auteur 8 Saint-Sébastien - {Froissart}
61%
Les stations portant le nom d'un auteur 13 Malakoff - Rue Étienne-{Dolet}
59%
Les stations desservant une mairie ou avec le mot "mairie" 13 Mairie de {Clichy}
58%
Les stations portant le nom d'un auteur 9 Saint-{Augustin}
58%
Les stations avec le mot "porte" 7 Porte de {Choisy}
57%
Les stations rendant hommage à des résistants 12 Trinité - {d'Estienne d'Orves}
57%
Les stations avec le mot "porte" 7 Porte de {La Villette}
55%
Les stations portant un nom de ville étrangère 6/9 {Trocadéro}
53%
Les stations portant le nom d'un auteur 9 {Voltaire}
53%
Les stations portant un nom de ville étrangère 13 {Liège}
47%
Les stations portant un nom de ville étrangère 5 {Campo-Formio}
44%
Les stations portant un nom de ville étrangère 9 {Iéna}
42%
Les stations portant un nom de ville étrangère 3 {Wagram}
41%
Les stations portant un nom de ville étrangère 12 {Solférino}
36%
Aucun quiz correspondant
Distribution des résultats
% des personnes avec chaque résultat
Percentile par nombre de réponses
Votre historique - résultats
Vous n’avez pas pris ce quiz